Youngster' Guide for Personality Development (Record no. 166131)

MARC details
000 -LEADER
fixed length control field 00398nam a22001577a 4500
008 - FIXED-LENGTH DATA ELEMENTS--GENERAL INFORMATION
fixed length control field 190715b ||||| |||| 00| 0 eng d
020 ## - INTERNATIONAL STANDARD BOOK NUMBER
International Standard Book Number 8122306896
040 ## - CATALOGING SOURCE
Original cataloging agency DPL
Language of cataloging English
082 ## - DEWEY DECIMAL CLASSIFICATION NUMBER
Classification number 158.1 SHA
Item number 1
100 ## - MAIN ENTRY--PERSONAL NAME
Personal name S.P. Sharma
245 ## - TITLE STATEMENT
Title Youngster' Guide for Personality Development
250 ## - EDITION STATEMENT
Edition statement 2nd ed.
260 ## - PUBLICATION, DISTRIBUTION, ETC. (IMPRINT)
Place of publication, distribution, etc Delhi
Name of publisher, distributor, etc Pustak Mahal
300 ## - PHYSICAL DESCRIPTION
Extent 115
Dimensions 21.5 cm.
942 ## - ADDED ENTRY ELEMENTS (KOHA)
Source of classification or shelving scheme Dewey Decimal Classification
Item type English Books
Holdings
Withdrawn status Lost status Source of classification or shelving scheme Damaged status Not for loan Collection code Home library Current library Date acquired Source of acquisition Cost, normal purchase price Total Checkouts Full call number Barcode Date last seen Cost, replacement price Koha item type
    Dewey Decimal Classification     Non-fiction Kadipur Kadipur 15/07/2019 BPPD/PUB 60.00   158.1 SHA B-042919 15/07/2019 60.00 English Books

© Delhi Public Library
Hit Counter
free hit counter